<?xml version="1.0" encoding="UTF-8"?>
<record
    xmlns:xsi="http://www.w3.org/2001/XMLSchema-instance"
    xsi:schemaLocation="http://www.loc.gov/MARC21/slim http://www.loc.gov/standards/marcxml/schema/MARC21slim.xsd"
    xmlns="http://www.loc.gov/MARC21/slim">

  <leader>00642nam a2200169Ia 4500</leader>
  <controlfield tag="008">110201s9999    xx            000 0 und d</controlfield>
  <datafield tag="082" ind1=" " ind2=" ">
    <subfield code="b">B6551</subfield>
    <subfield code="a">KS 987</subfield>
  </datafield>
  <datafield tag="100" ind1=" " ind2=" ">
    <subfield code="a">&#x92C;&#x94B;&#x915;&#x93F;&#x932; &#x935;&#x93F;.&#x935;&#x93F;.</subfield>
  </datafield>
  <datafield tag="245" ind1=" " ind2=" ">
    <subfield code="a">&#x906;&#x92E;&#x941;&#x91A;&#x940; &#x906;&#x92F;&#x941;&#x927;&#x94D;&#x92F;&#x947; &#x906;&#x92E;&#x91A;&#x947; &#x930;&#x93E;&#x91C;&#x94D;&#x92F;</subfield>
  </datafield>
  <datafield tag="260" ind1=" " ind2=" ">
    <subfield code="b">&#x932;&#x932;&#x93F;&#x924; &#x938;&#x93E;&#x939;&#x93F;&#x924;&#x94D;&#x92F; &#x92A;&#x94D;&#x930;&#x915;&#x93E;&#x936;&#x928;</subfield>
  </datafield>
  <datafield tag="365" ind1=" " ind2=" ">
    <subfield code="b">3</subfield>
  </datafield>
  <datafield tag="600" ind1=" " ind2=" ">
    <subfield code="a">&#x92C;&#x94B;&#x915;&#x93F;&#x932; &#x935;&#x93F;.&#x935;&#x93F;.</subfield>
  </datafield>
  <datafield tag="630" ind1=" " ind2=" ">
    <subfield code="a">&#x906;&#x92E;&#x941;&#x91A;&#x940; &#x906;&#x92F;&#x941;&#x927;&#x94D;&#x92F;&#x947; &#x906;&#x92E;&#x91A;&#x947; &#x930;&#x93E;&#x91C;&#x94D;&#x92F;</subfield>
  </datafield>
  <datafield tag="700" ind1=" " ind2=" ">
    <subfield code="a">&#x92C;&#x94B;&#x915;&#x93F;&#x932; &#x935;&#x93F;.&#x935;&#x93F;.</subfield>
  </datafield>
  <datafield tag="730" ind1=" " ind2=" ">
    <subfield code="a">&#x906;&#x92E;&#x941;&#x91A;&#x940; &#x906;&#x92F;&#x941;&#x927;&#x94D;&#x92F;&#x947; &#x906;&#x92E;&#x91A;&#x947; &#x930;&#x93E;&#x91C;&#x94D;&#x92F;</subfield>
  </datafield>
  <datafield tag="942" ind1=" " ind2=" ">
    <subfield code="c">BOOK</subfield>
  </datafield>
  <datafield tag="999" ind1=" " ind2=" ">
    <subfield code="c">832163</subfield>
    <subfield code="d">832160</subfield>
  </datafield>
  <datafield tag="952" ind1=" " ind2=" ">
    <subfield code="0">0</subfield>
    <subfield code="1">0</subfield>
    <subfield code="4">0</subfield>
    <subfield code="7">0</subfield>
    <subfield code="a">PMKV</subfield>
    <subfield code="b">PMKV</subfield>
    <subfield code="d">2011-02-01</subfield>
    <subfield code="g">3.00</subfield>
    <subfield code="l">0</subfield>
    <subfield code="p">PMKV-B6551</subfield>
    <subfield code="r">2011-02-01 00:00:00</subfield>
    <subfield code="v">3.00</subfield>
    <subfield code="w">2011-02-01</subfield>
    <subfield code="y">BOOK</subfield>
  </datafield>
</record>
